Résumé foireux de séries TV - Statistiques

Statistiques générales
  • Ce quiz a été pris 954 fois
    388 depuis la dernière actualisation
  • Le résultat moyen est 7 sur 14
Statistiques - réponses
Description Réponse % Correct
Un prof de chimie fait une mauvaise crise de la quarantaine et décide de révolutionner l’industrie pharmaceutique… illégalement. Breaking Bad
94%
Un groupe d’amis squatte un café pendant 10 ans et ne boit jamais d’eau. Friends
87%
Des ados font des trucs paranormaux mais la vraie horreur, c’est leurs coupes de cheveux des années 80. stranger Things
84%
Des gens passent leur temps à s’entretuer pour s’asseoir sur une chaise très inconfortable. Game of Thrones
81%
Des vampires passent plus de temps à parler de leurs émotions qu’à sucer du sang. The Vampire Diaries
69%
Des gens coincés sur une île se disputent pour une trappe et un bout de fumée noire. Lost
60%
Un type riche adopte des orphelins pour en faire son équipe personnelle de super-héros… pas creepy du tout. Umbrella Academy
54%
Une bande de lycéens prend plus de temps à chanter qu’à réviser pour leurs examens. Glee
50%
Un employé de bureau en a marre de son travail et commence à filmer ses collègues pour de l’argent facile. The Office
41%
Un milliardaire s’ennuie alors il devient une chauve-souris… mais version arc. Arrow
39%
Un gars perd ses lunettes et décide de devenir un justicier avec un bâton. Daredevil
33%
Un père célibataire essaye de protéger ses enfants d’un monde où tout peut te tuer… sauf apparemment les cheveux parfaitement coiffés. The Walking Dead
12%
Une meuf pète un câble parce qu’un mec en tongs lui a volé son trône. The Witcher
2%
Une femme change de vie après avoir découvert que son mari était plus intéressé par les mecs que par elle. Grace and Frankie
0%
Aucun quiz correspondant
Distribution des résultats
% des personnes avec chaque résultat
Percentile par nombre de réponses
Votre historique - résultats
Vous n’avez pas pris ce quiz depuis la dernière actualisation